000 00311nam a2200097Ia 4500
082 _aZUL|896.39861|DLAM
245 0 _aKuyosala izibongo : isiZulu poetry anthology
100 _a DLAMINI, J.C. (John Charles) Pietermaritzburg, 2003
_955168
942 _cBK
008 210817s9999 xx 000 0 und d
999 _c173732
_d173731